[Event "EUYCC 2024 U10"]
[Site "?"]
[Date "2024.08.05"]
[Round "1.8"]
[White "Grigore, Melania-Cristina"]
[Black "Trejbal, Jindrich"]
[Result "0-1"]
[BlackElo "1763"]
[WhiteElo "1466"]
[LiveChessVersion "1.4.8"]

1. e4 {[%clk 1:30:42]} Nc6 {[%clk 1:30:15]} 2. d4 {[%clk 1:29:45]} d5
{[%clk 1:30:04]} 3. exd5 {[%clk 1:24:20]} Qxd5 {[%clk 1:30:21]} 4. Ne2
{[%clk 1:23:01]} e5 {[%clk 1:23:52]} 5. c3 {[%clk 1:21:53]} exd4 {[%clk 1:21:51]}
6. cxd4 {[%clk 1:20:40]} Bf5 {[%clk 1:17:01]} 7. Nbc3 {[%clk 1:15:42]} Qd7
{[%clk 1:14:11]} 8. Bf4 {[%clk 1:10:18]} Nb4 {[%clk 1:11:04]} 9. Ng3
{[%clk 0:43:20]} Nc2+ {[%clk 1:09:51]} 10. Ke2 {[%clk 0:41:26]} Nxd4+
{[%clk 0:59:10]} 11. Ke1 {[%clk 0:40:40]} Nc2+ {[%clk 0:57:18]} 12. Ke2
{[%clk 0:40:41]} Qe6+ {[%clk 0:54:12]} 13. Be3 {[%clk 0:37:29]} Bg4+
{[%clk 0:54:14]} 14. Kd2 {[%clk 0:34:39]} Bxd1 {[%clk 0:53:41]} 15. Rxd1
{[%clk 0:34:42]} Nxe3 {[%clk 0:53:57]} 16. fxe3 {[%clk 0:34:48]} Rd8+
{[%clk 0:53:54]} 17. Kc1 {[%clk 0:35:00]} Rxd1+ {[%clk 0:53:00]} 18. Kxd1
{[%clk 0:35:07]} Bb4 {[%clk 0:52:45]} 19. Kd2 {[%clk 0:33:44]} Bxc3+
{[%clk 0:53:00]} 20. bxc3 {[%clk 0:34:03]} Qxa2+ {[%clk 0:52:02]} 21. Kd3
{[%clk 0:34:09]} Nf6 {[%clk 0:51:32]} 22. Nf5 {[%clk 0:31:50]} Qd5+
{[%clk 0:51:35]} 23. Nd4 {[%clk 0:31:56]} c5 {[%clk 0:51:54]} 24. c4
{[%clk 0:31:56]} Qe4+ {[%clk 0:51:25]} 25. Kc3 {[%clk 0:32:12]} Qxe3+
{[%clk 0:51:44]} 26. Kc2 {[%clk 0:32:21]} cxd4 {[%clk 0:51:43]} 27. Bd3
{[%clk 0:32:03]} Ne4 {[%clk 0:50:23]} 28. Bxe4 {[%clk 0:31:49]} Qxe4+
{[%clk 0:50:47]} 29. Kd1 {[%clk 0:31:47]} Qd3+ {[%clk 0:51:04]} 30. Kc1
{[%clk 0:32:10]} Qc3+ {[%clk 0:51:21]} 31. Kd1 {[%clk 0:32:28]} d3
{[%clk 0:51:47]} 32. Re1+ {[%clk 0:31:44]} Kd7 {[%clk 0:52:10]} 33. Re3
{[%clk 0:32:02]} Qc2+ {[%clk 0:52:23]} 34. Ke1 {[%clk 0:32:24]} Re8
{[%clk 0:52:40]} 35. Rxe8 {[%clk 0:32:35]} d2+ {[%clk 0:52:52]} 36. Ke2
{[%clk 0:32:58]} d1=Q+ {[%clk 0:53:08]} 37. Ke3 {[%clk 0:33:13]} Qdd3+
{[%clk 0:53:32]} 38. Kf4 {[%clk 0:33:35]} Kxe8 {[%clk 0:53:48]} 39. c5
{[%clk 0:33:57]} Qcc4+ {[%clk 0:54:11]} 40. Kg5 {[%clk 0:34:41]} Qg6#
{[%clk 0:56:51]} 0-1

[Event "EUYCC 2024 U10"]
[Site "?"]
[Date "2024.08.05"]
[Round "1.9"]
[White "Komogortsev, Petra"]
[Black "Huttova, Karolina"]
[Result "1-0"]
[BlackElo "1433"]
[WhiteElo "1723"]
[LiveChessVersion "1.4.8"]

1. d4 {[%clk 1:30:51]} d5 {[%clk 1:30:39]} 2. c4 {[%clk 1:31:02]} e6
{[%clk 1:30:43]} 3. cxd5 {[%clk 1:31:07]} exd5 {[%clk 1:30:04]} 4. Nc3
{[%clk 1:31:18]} Nf6 {[%clk 1:30:08]} 5. Bg5 {[%clk 1:31:18]} Be7
{[%clk 1:29:27]} 6. Nf3 {[%clk 1:31:34]} h6 {[%clk 1:28:43]} 7. Bh4
{[%clk 1:31:37]} O-O {[%clk 1:27:30]} 8. e3 {[%clk 1:31:47]} Bf5 {[%clk 1:26:53]}
9. Qb3 {[%clk 1:30:33]} b6 {[%clk 1:21:55]} 10. Bxf6 {[%clk 1:29:48]} Bxf6
{[%clk 1:22:02]} 11. Qxd5 {[%clk 1:29:52]} Qxd5 {[%clk 1:19:23]} 12. Nxd5
{[%clk 1:29:39]} Bd8 {[%clk 1:17:14]} 13. Rc1 {[%clk 1:29:08]} c6
{[%clk 1:15:13]} 14. Nc3 {[%clk 1:29:04]} Nd7 {[%clk 1:14:03]} 15. g3
{[%clk 1:28:27]} c5 {[%clk 1:13:05]} 16. Bg2 {[%clk 1:28:07]} Rc8
{[%clk 1:12:50]} 17. O-O {[%clk 1:26:31]} Be7 {[%clk 1:11:19]} 18. Rfe1
{[%clk 1:24:56]} a5 {[%clk 1:09:38]} 19. h3 {[%clk 1:22:33]} Rb8 {[%clk 1:07:38]}
20. e4 {[%clk 1:20:46]} Bh7 {[%clk 1:07:09]} 21. Nd5 {[%clk 1:20:40]} Bd8
{[%clk 1:04:26]} 22. h4 {[%clk 1:16:38]} Nf6 {[%clk 1:01:46]} 23. Ne5
{[%clk 1:10:43]} Nxd5 {[%clk 0:59:08]} 24. exd5 {[%clk 1:05:01]} Re8
{[%clk 0:55:58]} 25. Nc6 {[%clk 1:03:45]} Bf6 {[%clk 0:52:28]} 26. Nxb8
{[%clk 1:02:36]} Rxb8 {[%clk 0:52:26]} 27. dxc5 {[%clk 0:58:16]} Bxb2
{[%clk 0:49:40]} 28. Rcd1 {[%clk 0:56:55]} bxc5 {[%clk 0:49:16]} 29. d6
{[%clk 0:56:11]} 1-0

[Event "EUYCC 2024 U10"]
[Site "?"]
[Date "2024.08.05"]
[Round "1.10"]
[White "Bartecek, David"]
[Black "Kopecny, Adam"]
[Result "0-1"]
[BlackElo "1720"]
[WhiteElo "1411"]
[LiveChessVersion "1.4.8"]

1. e4 {[%clk 1:30:59]} c6 {[%clk 1:31:00]} 2. Nf3 {[%clk 1:31:05]} d5
{[%clk 1:31:29]} 3. exd5 {[%clk 1:31:07]} cxd5 {[%clk 1:31:48]} 4. d4
{[%clk 1:31:27]} Nc6 {[%clk 1:30:17]} 5. Nc3 {[%clk 1:31:28]} Bg4
{[%clk 1:30:16]} 6. Bb5 {[%clk 1:31:24]} e6 {[%clk 1:29:26]} 7. Bg5
{[%clk 1:30:52]} Bxf3 {[%clk 1:29:29]} 8. Qd2 {[%clk 1:30:09]} f6
{[%clk 1:29:27]} 9. Bf4 {[%clk 1:25:40]} Bxg2 {[%clk 1:28:48]} 10. Rg1
{[%clk 1:25:35]} Bf3 {[%clk 1:28:50]} 11. Rg3 {[%clk 1:24:12]} Bh5
{[%clk 1:28:47]} 12. f3 {[%clk 1:24:08]} g5 {[%clk 1:27:23]} 13. Be3
{[%clk 1:22:48]} Bd6 {[%clk 1:27:08]} 14. Rh3 {[%clk 1:22:15]} Bg6
{[%clk 1:27:28]} 15. Bf2 {[%clk 1:22:00]} Kf7 {[%clk 1:26:53]} 16. O-O-O
{[%clk 1:21:47]} Bf5 17. Rh5 {[%clk 1:20:10]} Kg6 {[%clk 1:27:15]} 18. Rxg5+
{[%clk 1:17:01]} fxg5 {[%clk 1:27:44]} 19. Rg1 {[%clk 1:16:59]} Bxh2
{[%clk 1:26:54]} 20. Rg2 {[%clk 1:17:06]} Bf4 {[%clk 1:26:47]} 21. Be3
{[%clk 1:16:52]} Bxe3 {[%clk 1:27:03]} 22. Qxe3 {[%clk 1:17:18]} h6
{[%clk 1:27:29]} 23. f4 {[%clk 1:16:36]} g4 {[%clk 1:27:50]} 24. Ne2
{[%clk 1:16:36]} Nf6 {[%clk 1:27:38]} 25. Ng3 {[%clk 1:15:56]} h5
{[%clk 1:28:06]} 26. Bd3 {[%clk 1:13:43]} Re8 {[%clk 1:27:38]} 27. Rh2
{[%clk 1:13:28]} Nb4 {[%clk 1:27:41]} 28. Bxf5+ {[%clk 1:13:18]} exf5
{[%clk 1:28:09]} 29. Qc3 {[%clk 1:13:09]} Nxa2+ {[%clk 1:28:38]} 30. Kb1
{[%clk 1:12:26]} Nxc3+ {[%clk 1:29:07]} 31. bxc3 {[%clk 1:12:43]} Qb6+
{[%clk 1:29:26]} 32. Kc1 {[%clk 1:12:13]} Re1+ {[%clk 1:29:40]} 33. Kd2
{[%clk 1:12:33]} Qb1 {[%clk 1:30:07]} 34. Ne2 {[%clk 1:12:31]} Ne4+
{[%clk 1:30:18]} 35. Ke3 {[%clk 1:12:18]} Qxc2 {[%clk 1:30:34]} 36. Rxh5
{[%clk 1:11:03]} Qxc3# 0-1

[Event "EUYCC 2024 U10"]
[Site "?"]
[Date "2024.08.06"]
[Round "2.1"]
[White "Trejbal, Jindrich"]
[Black "Fan, Sizhuo"]
[Result "1-0"]
[BlackElo "1895"]
[WhiteElo "1763"]
[LiveChessVersion "1.4.8"]

1. e4 {[%clk 1:30:56]} e5 {[%clk 1:30:54]} 2. Nf3 {[%clk 1:31:12]} Nc6
{[%clk 1:31:14]} 3. Bc4 {[%clk 1:31:22]} Nf6 {[%clk 1:31:29]} 4. Ng5
{[%clk 1:30:53]} d5 {[%clk 1:31:47]} 5. exd5 {[%clk 1:31:06]} b5 {[%clk 1:32:09]}
6. Bxb5 {[%clk 1:29:25]} Qxd5 {[%clk 1:30:37]} 7. Bxc6+ {[%clk 1:28:10]} Qxc6
{[%clk 1:31:01]} 8. O-O {[%clk 1:21:17]} Bb7 {[%clk 1:30:52]} 9. f3
{[%clk 1:17:14]} Bc5+ {[%clk 1:30:59]} 10. Kh1 {[%clk 1:17:19]} h6
{[%clk 1:30:56]} 11. Nh3 {[%clk 1:14:07]} O-O-O {[%clk 1:28:49]} 12. Nc3
{[%clk 1:09:12]} g5 {[%clk 1:28:31]} 13. Qe2 {[%clk 1:06:36]} g4 {[%clk 1:27:05]}
14. fxg4 Kb8 {[%clk 1:25:50]} 15. Qf3 {[%clk 0:59:16]} Qe6 {[%clk 1:22:19]} 16.
Qxf6 {[%clk 0:54:42]} Qxg4 {[%clk 1:22:39]} 17. Rf3 {[%clk 0:52:30]} Rhg8
{[%clk 1:22:44]} 18. Rg3 {[%clk 0:49:16]} Bxg2+ {[%clk 1:23:05]} 19. Kxg2
{[%clk 0:49:19]} Qd4 {[%clk 1:22:45]} 20. d3 {[%clk 0:44:18]} h5 {[%clk 1:21:17]}
21. Be3 {[%clk 0:42:21]} Qxe3 {[%clk 1:21:33]} 22. Qxd8+ {[%clk 0:42:20]} Rxd8
{[%clk 1:21:24]} 23. Rxe3 {[%clk 0:42:44]} Bxe3 {[%clk 1:21:36]} 24. Kf3
{[%clk 0:41:27]} Bh6 {[%clk 1:21:43]} 25. Re1 {[%clk 0:39:36]} Re8
{[%clk 1:21:50]} 26. Ne4 {[%clk 0:38:18]} Kc8 {[%clk 1:22:01]} 27. c3
{[%clk 0:32:51]} Bg7 {[%clk 1:21:41]} 28. Rg1 {[%clk 0:31:51]} Bh6
{[%clk 1:21:25]} 29. Nf6 {[%clk 0:31:18]} Re6 {[%clk 1:21:38]} 30. Nxh5
{[%clk 0:27:58]} Ra6 {[%clk 1:21:24]} 31. a3 {[%clk 0:25:00]} Rb6
{[%clk 1:21:25]} 32. b4 {[%clk 0:18:13]} Ra6 {[%clk 1:21:13]} 33. Ke4
{[%clk 0:17:53]} Rxa3 {[%clk 1:21:25]} 34. c4 {[%clk 0:18:14]} Ra2
{[%clk 1:21:32]} 35. Kxe5 {[%clk 0:17:00]} Rxh2 {[%clk 1:21:32]} 36. N3f4
{[%clk 0:16:15]} Rb2 {[%clk 1:20:57]} 37. b5 {[%clk 0:15:33]} Kb7
{[%clk 1:20:21]} 38. Ra1 {[%clk 0:14:46]} Rf2 {[%clk 1:20:07]} 39. Ra6
{[%clk 0:14:13]} Bg5 {[%clk 1:20:02]} 40. Nd5 {[%clk 0:13:22]} Rf1
{[%clk 1:19:51]} 41. Rc6 {[%clk 0:13:13]} Bd8 {[%clk 1:20:05]} 42. Nhf6
{[%clk 0:12:26]} Rf2 {[%clk 1:20:14]} 43. Ne4 {[%clk 0:12:11]} Re2
{[%clk 1:20:21]} 44. Kd4 {[%clk 0:11:46]} f5 {[%clk 1:19:48]} 45. Nc5+
{[%clk 0:11:14]} Kc8 {[%clk 1:20:10]} 46. Na6 {[%clk 0:11:00]} f4
{[%clk 1:19:52]} 47. Nxf4 {[%clk 0:10:29]} Rh2 {[%clk 1:20:04]} 48. Nd5
{[%clk 0:10:11]} Rh4+ {[%clk 1:20:14]} 49. Kc3 {[%clk 0:10:15]} Rh7
{[%clk 1:19:40]} 50. Kb4 {[%clk 0:09:57]} Kb7 {[%clk 1:19:56]} 51. Naxc7
{[%clk 0:09:22]} Rh3 {[%clk 1:19:52]} 52. d4 {[%clk 0:08:24]} Rh1
{[%clk 1:19:58]} 53. Na6 {[%clk 0:08:20]} Rb1+ {[%clk 1:20:20]} 54. Kc5
{[%clk 0:08:13]} Ba5 {[%clk 1:20:31]} 55. Ne7 {[%clk 0:07:36]} Bb6+
{[%clk 1:20:39]} 56. Kd5 {[%clk 0:06:38]} Rd1 {[%clk 1:19:04]} 57. Nc5+
{[%clk 0:06:51]} Bxc5 {[%clk 1:18:59]} 58. Kxc5 {[%clk 0:07:04]} 1-0

[Event "EUYCC 2024 U10"]
[Site "?"]
[Date "2024.08.06"]
[Round "2.2"]
[White "Chalampuente, Victor"]
[Black "Komogortsev, Petra"]
[Result "1-0"]
[BlackElo "1723"]
[WhiteElo "1851"]
[LiveChessVersion "1.4.8"]

1. e4 {[%clk 1:30:58]} c5 {[%clk 1:30:46]} 2. c3 {[%clk 1:31:23]} d5
{[%clk 1:31:08]} 3. exd5 {[%clk 1:31:44]} Nf6 {[%clk 1:31:28]} 4. d4
{[%clk 1:31:56]} cxd4 {[%clk 1:31:44]} 5. cxd4 {[%clk 1:30:18]} Nxd5
{[%clk 1:31:54]} 6. Nc3 {[%clk 1:30:28]} a6 {[%clk 1:29:58]} 7. Bc4
{[%clk 1:29:59]} Nxc3 {[%clk 1:28:41]} 8. bxc3 {[%clk 1:30:22]} e6
{[%clk 1:28:58]} 9. Nf3 {[%clk 1:30:25]} Be7 {[%clk 1:29:06]} 10. O-O
{[%clk 1:30:08]} O-O {[%clk 1:29:25]} 11. Re1 {[%clk 1:29:54]} Nc6
{[%clk 1:29:30]} 12. Bd3 {[%clk 1:29:35]} Bf6 {[%clk 1:28:11]} 13. Bc2
{[%clk 1:28:02]} Re8 {[%clk 1:27:42]} 14. Qd3 {[%clk 1:26:06]} g6
{[%clk 1:28:00]} 15. Bf4 {[%clk 1:25:56]} b5 {[%clk 1:26:41]} 16. Ne5
{[%clk 1:20:39]} Nxe5 {[%clk 1:23:00]} 17. Bxe5 {[%clk 1:20:32]} Bxe5
{[%clk 1:19:43]} 18. Rxe5 {[%clk 1:20:32]} Bb7 {[%clk 1:19:57]} 19. Rae1
{[%clk 1:19:33]} Qf6 {[%clk 1:19:33]} 20. Bb3 {[%clk 1:19:14]} Rad8
{[%clk 1:13:29]} 21. d5 {[%clk 1:19:12]} Kf8 {[%clk 1:11:28]} 22. Qh3
{[%clk 1:17:20]} exd5 {[%clk 1:09:25]} 23. Qh6+ {[%clk 1:17:17]} 1-0

[Event "EUYCC 2024 U10"]
[Site "?"]
[Date "2024.08.06"]
[Round "2.3"]
[White "Kopecny, Adam"]
[Black "Gusev, Daniil Den"]
[Result "0-1"]
[BlackElo "1842"]
[WhiteElo "1720"]
[LiveChessVersion "1.4.8"]

1. e4 {[%clk 1:30:58]} c5 {[%clk 1:30:50]} 2. Nc3 {[%clk 1:31:21]} e6
{[%clk 1:31:04]} 3. d4 {[%clk 1:31:42]} cxd4 {[%clk 1:30:54]} 4. Qxd4
{[%clk 1:31:39]} Nc6 {[%clk 1:30:25]} 5. Qe3 {[%clk 1:31:02]} Nf6
{[%clk 1:25:39]} 6. Nf3 {[%clk 1:28:46]} d6 {[%clk 1:22:55]} 7. b3
{[%clk 1:28:27]} a6 {[%clk 1:20:56]} 8. Bb2 {[%clk 1:28:27]} Qc7 {[%clk 1:20:03]}
9. O-O-O {[%clk 1:27:11]} Ng4 {[%clk 1:13:05]} 10. Qd2 {[%clk 1:26:01]} Qb6
{[%clk 1:12:07]} 11. Na4 {[%clk 1:18:50]} Qxf2 {[%clk 1:12:21]} 12. Qg5
{[%clk 1:18:33]} Qe3+ {[%clk 1:12:15]} 13. Qxe3 {[%clk 1:18:31]} Nxe3
{[%clk 1:12:40]} 14. Re1 {[%clk 1:18:35]} Nxf1 {[%clk 1:12:13]} 15. Rhxf1
{[%clk 1:18:55]} b5 {[%clk 1:12:21]} 16. Nb6 {[%clk 1:18:08]} Rb8
{[%clk 1:12:49]} 17. Nxc8 {[%clk 1:18:29]} Rxc8 {[%clk 1:13:17]} 18. Ng5
{[%clk 1:18:08]} Be7 {[%clk 1:13:36]} 19. Nh3 {[%clk 1:12:47]} Nb4
{[%clk 1:10:31]} 20. Kb1 {[%clk 1:11:32]} a5 {[%clk 0:52:20]} 21. a3
{[%clk 1:10:57]} Na6 {[%clk 0:52:40]} 22. Nf4 {[%clk 1:10:30]} O-O
{[%clk 0:52:15]} 23. Nh5 {[%clk 1:10:30]} Rc5 {[%clk 0:48:15]} 24. g4
{[%clk 1:05:56]} Rfc8 {[%clk 0:45:41]} 25. Re2 {[%clk 1:03:45]} Bf8
{[%clk 0:38:06]} 26. Ref2 {[%clk 1:03:21]} R8c7 {[%clk 0:38:30]} 27. Nf4
{[%clk 1:02:56]} Rc8 {[%clk 0:36:28]} 28. Nh5 {[%clk 1:02:30]} R5c7
{[%clk 0:36:49]} 29. g5 {[%clk 1:00:40]} Nc5 {[%clk 0:36:31]} 30. Re2
{[%clk 0:56:37]} Nd7 {[%clk 0:35:56]} 31. Nf4 {[%clk 0:45:39]} a4
{[%clk 0:30:36]} 32. Nd3 {[%clk 0:42:55]} axb3 {[%clk 0:30:50]} 33. cxb3
{[%clk 0:43:10]} Nc5 {[%clk 0:30:34]} 34. Nxc5 {[%clk 0:41:54]} dxc5
{[%clk 0:30:56]} 35. Be5 {[%clk 0:35:21]} Ra7 {[%clk 0:29:02]} 36. Kb2
{[%clk 0:35:20]} c4 {[%clk 0:22:47]} 37. b4 {[%clk 0:35:39]} Rd8 {[%clk 0:23:12]}
38. Bc3 {[%clk 0:34:16]} Rd3 {[%clk 0:23:08]} 39. Rd2 {[%clk 0:33:46]} Rxd2+
{[%clk 0:18:28]} 40. Bxd2 {[%clk 0:34:08]} Bd6 {[%clk 0:17:55]} 41. Rd1
{[%clk 0:34:01]} Be5+ {[%clk 0:17:52]} 42. Kc2 {[%clk 0:31:23]} Rxa3
{[%clk 0:17:55]} 43. Bf4 {[%clk 0:29:32]} Ra2+ {[%clk 0:18:22]} 44. Kb1
{[%clk 0:29:47]} Ra1+ {[%clk 0:18:50]} 45. Kc2 {[%clk 0:28:10]} Rxd1
{[%clk 0:19:14]} 46. Bxe5 {[%clk 0:28:24]} Re1 {[%clk 0:19:34]} 47. Bf4
{[%clk 0:28:24]} Rxe4 {[%clk 0:20:00]} 48. Bd2 {[%clk 0:28:44]} Re2
{[%clk 0:20:22]} 49. h4 {[%clk 0:29:09]} Rh2 {[%clk 0:20:46]} 50. Kc3
{[%clk 0:29:28]} Rh3+ 0-1

[Event "EUYCC 2024 U10"]
[Site "?"]
[Date "2024.08.06"]
[Round "2.4"]
[White "Vo, Daniel"]
[Black "Kovacs, Balazs"]
[Result "0-1"]
[BlackElo "1815"]
[WhiteElo "1707"]
[LiveChessVersion "1.4.8"]

1. e4 {[%clk 1:30:56]} e5 {[%clk 1:30:54]} 2. Nf3 {[%clk 1:31:17]} Nc6
{[%clk 1:31:19]} 3. d4 {[%clk 1:31:36]} exd4 {[%clk 1:31:42]} 4. Nxd4
{[%clk 1:31:47]} Nf6 {[%clk 1:31:58]} 5. Nc3 {[%clk 1:30:15]} Bb4
{[%clk 1:32:07]} 6. Nxc6 {[%clk 1:27:55]} bxc6 {[%clk 1:32:02]} 7. Bd3
{[%clk 1:27:07]} d5 {[%clk 1:31:26]} 8. exd5 {[%clk 1:25:28]} cxd5
{[%clk 1:31:23]} 9. O-O {[%clk 1:24:27]} O-O {[%clk 1:31:05]} 10. h3
{[%clk 1:23:27]} Qd6 {[%clk 1:21:28]} 11. Qf3 {[%clk 1:21:17]} Bxc3
{[%clk 1:15:13]} 12. bxc3 {[%clk 1:21:14]} Bb7 {[%clk 0:56:31]} 13. Rb1
{[%clk 1:17:39]} Bc6 {[%clk 0:48:34]} 14. Bf4 {[%clk 1:11:55]} Qd8
{[%clk 0:39:49]} 15. Rbd1 {[%clk 1:08:19]} Rb8 {[%clk 0:35:52]} 16. c4
{[%clk 1:05:17]} Bb7 {[%clk 0:31:26]} 17. Qe3 {[%clk 1:00:26]} Re8
{[%clk 0:24:56]} 18. Qc5 {[%clk 0:54:32]} Qe7 {[%clk 0:19:49]} 19. Qxa7
{[%clk 0:50:48]} dxc4 {[%clk 0:18:43]} 20. Bxc4 {[%clk 0:48:21]} Qe4
{[%clk 0:17:57]} 21. f3 {[%clk 0:42:50]} Qxf4 {[%clk 0:17:36]} 22. Rd4
{[%clk 0:41:53]} Qe3+ {[%clk 0:15:55]} 23. Kh1 {[%clk 0:42:09]} Nh5
{[%clk 0:14:19]} 24. Kh2 {[%clk 0:39:05]} Qe5+ {[%clk 0:11:42]} 25. f4
{[%clk 0:38:25]} Qe3 {[%clk 0:11:51]} 26. Rf3 {[%clk 0:38:42]} Bxf3 0-1

[Event "EUYCC 2024 U10"]
[Site "?"]
[Date "2024.08.06"]
[Round "2.7"]
[White "Mueller, Konstantin"]
[Black "Holik, Ondrej"]
[Result "1-0"]
[BlackElo "1701"]
[WhiteElo "1835"]
[LiveChessVersion "1.4.8"]

1. d4 {[%clk 1:30:57]} d5 {[%clk 1:30:52]} 2. c4 {[%clk 1:31:23]} e6
{[%clk 1:31:12]} 3. Nc3 {[%clk 1:31:49]} Nf6 {[%clk 1:31:35]} 4. Nf3
{[%clk 1:32:13]} Nc6 {[%clk 1:31:53]} 5. Bf4 {[%clk 1:32:28]} Bd6
{[%clk 1:31:54]} 6. Bg3 {[%clk 1:32:35]} O-O {[%clk 1:30:55]} 7. e3
{[%clk 1:32:59]} b6 {[%clk 1:30:02]} 8. Rc1 {[%clk 1:30:42]} Ba6 {[%clk 1:27:23]}
9. Ne5 {[%clk 1:25:13]} Ne7 {[%clk 1:26:12]} 10. c5 {[%clk 1:16:32]} Bxf1
{[%clk 1:25:55]} 11. cxd6 {[%clk 1:16:53]} cxd6 {[%clk 1:25:10]} 12. Nxf7
{[%clk 1:16:26]} Rxf7 {[%clk 1:25:07]} 13. Rxf1 {[%clk 1:16:38]} Nf5
{[%clk 1:24:36]} 14. Qd3 {[%clk 1:09:33]} a6 {[%clk 1:23:02]} 15. Rc2
{[%clk 1:07:00]} b5 {[%clk 1:20:09]} 16. a3 {[%clk 0:58:56]} Rc8 {[%clk 1:17:03]}
17. Ke2 {[%clk 0:53:49]} Nh5 {[%clk 1:14:31]} 18. Na2 {[%clk 0:50:56]} Rxc2+
{[%clk 1:11:56]} 19. Qxc2 {[%clk 0:51:14]} Nhxg3+ {[%clk 1:12:02]} 20. hxg3
{[%clk 0:49:11]} Rc7 {[%clk 1:11:43]} 21. Qd2 {[%clk 0:48:43]} a5
{[%clk 1:11:38]} 22. b3 {[%clk 0:43:42]} h6 {[%clk 1:09:57]} 23. Rc1
{[%clk 0:42:07]} Rxc1 {[%clk 1:09:40]} 24. Qxc1 {[%clk 0:42:16]} Qe8
{[%clk 1:09:25]} 25. g4 {[%clk 0:40:05]} Ne7 {[%clk 1:08:01]} 26. Qc2
{[%clk 0:37:51]} Qd7 {[%clk 1:06:09]} 27. Qd2 {[%clk 0:33:39]} Nc6
{[%clk 1:04:49]} 28. Qc3 {[%clk 0:32:56]} Qb7 {[%clk 1:02:53]} 29. b4
{[%clk 0:31:07]} a4 {[%clk 1:02:33]} 30. Qd3 {[%clk 0:29:55]} Kf7
{[%clk 1:02:09]} 31. f4 {[%clk 0:29:42]} g6 {[%clk 1:01:58]} 32. Nc3
{[%clk 0:29:11]} Na7 {[%clk 1:01:57]} 33. f5 {[%clk 0:28:07]} e5 {[%clk 1:00:51]}
34. dxe5 {[%clk 0:27:37]} d4 {[%clk 1:00:50]} 35. Ne4 {[%clk 0:27:23]} Qd5
{[%clk 0:59:49]} 36. Qxd4 {[%clk 0:27:13]} Qa2+ {[%clk 0:59:41]} 37. Kf3
{[%clk 0:27:26]} Nc8 {[%clk 0:59:37]} 38. Nxd6+ {[%clk 0:26:40]} Nxd6
{[%clk 0:59:35]} 39. Qxd6 {[%clk 0:26:57]} Qxa3 {[%clk 0:59:38]} 40. Qxg6+
{[%clk 0:27:08]} Kf8 {[%clk 0:59:08]} 41. f6 {[%clk 0:27:09]} Qb3
{[%clk 0:58:34]} 42. Qg7+ {[%clk 0:27:25]} Ke8 {[%clk 0:58:25]} 43. Qe7#
{[%clk 0:27:40]} 1-0

[Event "EUYCC 2024 U10"]
[Site "?"]
[Date "2024.08.06"]
[Round "2.8"]
[White "Hroch, Pavel"]
[Black "Fattori Dittmar, Luca"]
[Result "0-1"]
[BlackElo "1580"]
[WhiteElo "1665"]
[LiveChessVersion "1.4.8"]

1. e4 {[%clk 1:29:08]} e6 {[%clk 1:30:34]} 2. d4 {[%clk 1:27:54]} d5
{[%clk 1:30:37]} 3. e5 {[%clk 1:26:48]} c5 {[%clk 1:30:50]} 4. Nf3
{[%clk 1:25:11]} cxd4 {[%clk 1:30:44]} 5. Nxd4 {[%clk 1:22:37]} Qc7
{[%clk 1:29:35]} 6. Bf4 {[%clk 1:17:33]} a6 {[%clk 1:28:08]} 7. c3
{[%clk 1:11:12]} Bd7 {[%clk 1:24:28]} 8. Bd3 {[%clk 1:04:24]} Ne7
{[%clk 1:24:08]} 9. Nd2 {[%clk 0:57:51]} Ng6 {[%clk 1:23:33]} 10. Bg3
{[%clk 0:50:52]} Nxe5 {[%clk 1:20:43]} 11. Qe2 {[%clk 0:43:01]} Nxd3+
{[%clk 1:20:35]} 12. Qxd3 {[%clk 0:42:45]} Bd6 {[%clk 1:18:52]} 13. Bxd6
{[%clk 0:41:53]} Qxd6 {[%clk 1:19:14]} 14. O-O {[%clk 0:42:05]} O-O
{[%clk 1:19:10]} 15. N4b3 {[%clk 0:37:27]} Rd8 {[%clk 1:16:57]} 16. c4
{[%clk 0:32:16]} Bc6 {[%clk 1:16:08]} 17. Rac1 {[%clk 0:25:46]} dxc4
{[%clk 1:12:17]} 18. Qxd6 {[%clk 0:24:02]} Rxd6 {[%clk 1:12:39]} 19. Nxc4
{[%clk 0:22:13]} Rd8 {[%clk 1:11:16]} 20. Rcd1 {[%clk 0:20:44]} Nd7
{[%clk 1:09:50]} 21. Rd2 {[%clk 0:19:00]} Kf8 {[%clk 1:04:42]} 22. Rfd1
{[%clk 0:16:05]} Ke7 {[%clk 1:04:23]} 23. Ne3 Nf6 {[%clk 1:04:07]} 24. Kf1
{[%clk 0:00:56]} Rxd2 {[%clk 1:04:21]} 25. Rxd2 {[%clk 0:01:24]} Rd8
{[%clk 1:04:22]} 26. Rxd8 {[%clk 0:01:51]} Kxd8 {[%clk 1:04:39]} 27. Ke2
{[%clk 0:02:15]} Nd5 {[%clk 1:04:50]} 28. g3 {[%clk 0:02:07]} Nxe3
{[%clk 1:05:07]} 29. fxe3 {[%clk 0:02:29]} Bd5 {[%clk 1:05:22]} 30. Nc5
{[%clk 0:02:22]} Kc7 {[%clk 1:05:30]} 31. a3 {[%clk 0:02:31]} Kc6
{[%clk 1:05:29]} 0-1

[Event "EUYCC 2024 U10"]
[Site "?"]
[Date "2024.08.06"]
[Round "2.9"]
[White "Glon Tombi Ambassa, Hermione"]
[Black "Bostina, Vladimir-Ioan"]
[Result "0-1"]
[BlackElo "1627"]
[WhiteElo "1543"]
[LiveChessVersion "1.4.8"]

1. e4 {[%clk 1:30:58]} c5 {[%clk 1:30:46]} 2. Nf3 {[%clk 1:31:20]} d6
{[%clk 1:31:05]} 3. d4 {[%clk 1:31:37]} cxd4 {[%clk 1:31:30]} 4. Nxd4
{[%clk 1:31:56]} Nf6 {[%clk 1:31:56]} 5. Nc3 {[%clk 1:31:42]} a6 {[%clk 1:31:55]}
6. f3 {[%clk 1:29:29]} Nbd7 {[%clk 1:31:45]} 7. Be3 {[%clk 1:28:42]} b5
{[%clk 1:31:56]} 8. Qd2 {[%clk 1:26:36]} Bb7 {[%clk 1:30:43]} 9. Be2
{[%clk 1:24:51]} e6 {[%clk 1:29:52]} 10. O-O {[%clk 1:20:06]} Be7
{[%clk 1:27:57]} 11. Rad1 {[%clk 1:18:18]} Nb6 {[%clk 1:23:43]} 12. a3
{[%clk 1:15:41]} O-O {[%clk 1:22:23]} 13. Rfe1 {[%clk 1:13:22]} Nfd7
{[%clk 1:20:09]} 14. Bf2 {[%clk 1:12:01]} Ne5 {[%clk 1:15:00]} 15. b3
{[%clk 1:06:59]} Rc8 {[%clk 1:13:26]} 16. f4 {[%clk 1:04:15]} Ned7
{[%clk 1:07:05]} 17. Bf3 {[%clk 1:02:46]} Qc7 {[%clk 1:04:13]} 18. Nde2
{[%clk 0:57:09]} Rfd8 {[%clk 0:44:00]} 19. Qe3 {[%clk 0:50:30]} Re8
{[%clk 0:22:24]} 20. Rd2 {[%clk 0:37:08]} Bf6 {[%clk 0:19:55]} 21. Na2
{[%clk 0:33:59]} Bb2 {[%clk 0:16:25]} 22. Rb1 {[%clk 0:32:06]} Bxa3
{[%clk 0:14:46]} 23. Rbd1 {[%clk 0:25:50]} Bc5 {[%clk 0:12:39]} 24. Qd3
{[%clk 0:24:57]} Bxf2+ {[%clk 0:11:10]} 25. Kxf2 {[%clk 0:25:05]} Qc5+
{[%clk 0:07:42]} 26. Kf1 {[%clk 0:24:39]} h6 {[%clk 0:01:01]} 27. Qxd6
{[%clk 0:23:55]} Qxd6 {[%clk 0:01:24]} 28. Rxd6 {[%clk 0:24:10]} Rxc2
{[%clk 0:01:45]} 29. Nb4 {[%clk 0:23:53]} Rc7 {[%clk 0:01:27]} 30. Ra1
{[%clk 0:21:44]} Ra8 {[%clk 0:01:06]} 31. Nd4 {[%clk 0:20:06]} Nc8
{[%clk 0:01:03]} 32. Nxe6 {[%clk 0:18:12]} fxe6 {[%clk 0:01:12]} 33. Rxe6
{[%clk 0:18:18]} Nc5 {[%clk 0:01:12]} 34. Re8+ {[%clk 0:18:09]} Kf7
{[%clk 0:01:35]} 35. Re5 {[%clk 0:17:35]} Nxb3 {[%clk 0:01:31]} 36. Rd1
{[%clk 0:17:22]} Rc1 {[%clk 0:01:08]} 37. Rxc1 {[%clk 0:17:20]} Nxc1
{[%clk 0:01:31]} 38. Rc5 {[%clk 0:17:32]} Nb3 {[%clk 0:01:06]} 39. Rc7+
{[%clk 0:17:43]} Kg8 {[%clk 0:01:05]} 40. Rxb7 {[%clk 0:17:59]} Nd2+
{[%clk 0:01:31]} 41. Ke2 {[%clk 0:17:45]} Nxf3 {[%clk 0:01:38]} 42. Kxf3
{[%clk 0:17:56]} a5 {[%clk 0:01:37]} 43. Na2 {[%clk 0:17:46]} b4 {[%clk 0:01:56]}
44. e5 {[%clk 0:17:50]} Kf8 {[%clk 0:01:56]} 45. f5 {[%clk 0:17:47]} Ne7
{[%clk 0:01:27]} 46. Ke4 {[%clk 0:17:23]} Nc6 {[%clk 0:00:50]} 47. e6
{[%clk 0:16:47]} Rb8 {[%clk 0:00:55]} 48. Rc7 {[%clk 0:16:39]} b3
{[%clk 0:00:50]} 49. Nc3 {[%clk 0:15:07]} Ne7 {[%clk 0:00:50]} 50. Ke5
{[%clk 0:12:58]} b2 {[%clk 0:00:53]} 51. Nb1 {[%clk 0:12:19]} a4 {[%clk 0:01:02]}
52. g4 {[%clk 0:10:11]} Rb5+ {[%clk 0:01:13]} 53. Kd6 {[%clk 0:09:46]} Rd5#
{[%clk 0:01:37]} 0-1